000 00632nam a2200229Ia 4500
005 20241129115706.0
008 241129s9999||||xx |||||||||||||| ||und||
020 _a9780128150757
037 _aTB
040 _aSDCL
_beng
_cSDCL
041 _aeng
_2eng
084 _aXM8:8 Q9
_qSDCL
100 _aDePamphilis Donald
_9462605
245 0 _aMergers, acquisitions and other restructuring activities
250 _a10th
260 _aLondon
_bAcademic Press
_c2019
300 _axxi,561p.
365 _aIUSD
_b125
650 _aBusiness Economics and Finance
942 _cTB
_hXM8:8 Q9
999 _c1231589
_d1231589